Cases and Materials in Revenue Law / (Record no. 184)

MARC details
000 -LEADER
fixed length control field 00583cam a2200205 4500
003 - CONTROL NUMBER IDENTIFIER
control field OSt
005 - DATE AND TIME OF LATEST TRANSACTION
control field 20171104103412.0
008 - FIXED-LENGTH DATA ELEMENTS--GENERAL INFORMATION
fixed length control field 731026s1973 enk 001 0 eng
020 ## - INTERNATIONAL STANDARD BOOK NUMBER
International Standard Book Number 042116770X
-- 0421167807Y
040 ## - CATALOGING SOURCE
Original cataloging agency DLC
Transcribing agency DLC
Modifying agency DLC
082 00 - DEWEY DECIMAL CLASSIFICATION NUMBER
Classification number 343.0360264
Edition number 22
Item number EAS
100 1# - MAIN ENTRY--PERSONAL NAME
Personal name Easson, A. J.
9 (RLIN) 550
245 10 - TITLE STATEMENT
Title Cases and Materials in Revenue Law /
Statement of responsibility, etc by A. J. Easson.
260 ## - PUBLICATION, DISTRIBUTION, ETC. (IMPRINT)
Place of publication, distribution, etc London :
Name of publisher, distributor, etc Sweet and Maxwell,
Date of publication, distribution, etc 1973.
300 ## - PHYSICAL DESCRIPTION
Extent xxx, 544 p.
Dimensions 26 cm.
350 ## - PRICE (NR) (BK AM CF MU VM SE) [OBSOLETE]
Price £7.00
500 ## - GENERAL NOTE
General note Includes index.
650 #0 - SUBJECT ADDED ENTRY--TOPICAL TERM
Topical term or geographic name as entry element Taxation
Geographic subdivision Great Britain
General subdivision Cases.
9 (RLIN) 551
942 ## - ADDED ENTRY ELEMENTS (KOHA)
Source of classification or shelving scheme Dewey Decimal Classification
Koha item type Books
Holdings
Withdrawn status Lost status Source of classification or shelving scheme Damaged status Not for loan Home library Current library Shelving location Date acquired Total Checkouts Full call number Barcode Date last seen Price effective from Koha item type
    Dewey Decimal Classification     Law Development Centre Main Library Law Development Centre Main Library Text Books and Laws 04/09/2011   343.0360264 EAS 001/1974 04/09/2011 04/09/2011 Books
    Dewey Decimal Classification     Law Development Centre Main Library Law Development Centre Main Library Text Books and Laws 04/09/2011   343.0360264 EAS 022/1974 04/09/2011 04/09/2011 Books